Narodowości skoczków narciarskich #5 - Statystyki

Ogólne statystyki
  • Ten quiz został rozwiązany 116 razy
  • Średni wynik to 14 z 15
Statystyki odpowiedzi
Zagadnienie Odpowiedź % Poprawnych
Który kraj na arenie międzynarodowej reprezentuje Stefan Kraft? Austria
100%
Który kraj na arenie międzynarodowej reprezentuje Fatih Arda İpcioğlu? Turcja
100%
Który kraj na arenie międzynarodowej reprezentuje Janne Ahonen? Finlandia
97%
Który kraj na arenie międzynarodowej reprezentuje Bjørn Einar Romøren? Norwegia
97%
Który kraj na arenie międzynarodowej reprezentuje Killian Peier? Szwajcaria
97%
Który kraj na arenie międzynarodowej reprezentuje Jernej Damjan? Słowenia
94%
Który kraj na arenie międzynarodowej reprezentuje Andreas Goldberger? Austria
91%
Który kraj na arenie międzynarodowej reprezentuje Daniel Cacina? Rumunia
91%
Który kraj na arenie międzynarodowej reprezentuje Tilen Bartol? Słowenia
91%
Który kraj na arenie międzynarodowej reprezentuje Roberto Dellasega? Włochy
91%
Który kraj na arenie międzynarodowej reprezentuje Harri Olli? Finlandia
88%
Który kraj na arenie międzynarodowej reprezentuje Emmanuel Chedal? Francja
88%
Który kraj na arenie międzynarodowej reprezentuje Michael Neumayer? Niemcy
88%
Który kraj na arenie międzynarodowej reprezentuje Dienis Korniłow? Rosja
88%
Który kraj na arenie międzynarodowej reprezentuje Primož Peterka? Słowenia
78%
Nie znaleziono quizów pasujących do podanych kryteriów
Rozkład punktacji
Procent ludzi z każdym wynikiem
Percentyl według liczby udzielonych odpowiedzi
Twoja historia wyników
Nie rozwiązałeś tego quizu